Tratado de tintura de las fibras textiles / (Record no. 176044)

MARC details
000 -LEADER
campo de control de longitud fija 00984nam a22002535i 4500
001 - NÚMERO DE CONTROL
campo de control 176044
003 - IDENTIFICADOR DE NÚMERO DE CONTROL
campo de control ES-MaACL
005 - FECHA Y HORA DE LA ÚLTIMA TRANSACCIÓN
campo de control 20250813234142.0
007 - CAMPO FIJO DE DESCRIPCIÓN FÍSICA--INFORMACIÓN GENERAL
campo de control de longitud fija t|
008 - DATOS DE LONGITUD FIJA--INFORMACIÓN GENERAL
campo de control de longitud fija 101213s1956 sp f r ||||1| spa d
080 ## - NÚMERO DE LA CLASIFICACIÓN DECIMAL UNIVERSAL
Número de la Clasificación Decimal Universal 677.022
100 1# - ENTRADA PRINCIPAL--NOMBRE DE PERSONA
Nombre de persona Horsfall, R. S.
9 (RLIN) 144268
245 10 - MENCIÓN DEL TÍTULO
Título Tratado de tintura de las fibras textiles /
Mención de responsabilidad, etc. por R. S. Horsfall y L. G. Lawrie ; traducción de la segunda edición inglesa por Carlos Ávila ; edición española revisada y puesta al día por José Carbonell Costa.
260 ## - PUBLICACIÓN, DISTRIBUCIÓN, ETC.
Lugar de publicación, distribución, etc. Barcelona ; Buenos Aires :
Nombre del editor, distribuidor, etc. José Montesó,
Fecha de publicación, distribución, etc. 1956.
300 ## - DESCRIPCIÓN FÍSICA
Extensión 639, [8] p. de lám. , [1] h. pleg. ;
Dimensiones 22 cm.
490 1# - MENCIÓN DE SERIE
Mención de serie Biblioteca de técnica textil ;
Designación de volumen o secuencia 3
650 #7 - PUNTO DE ACCESO ADICIONAL DE MATERIA--TÉRMINO DE MATERIA
Término de materia o nombre geográfico como elemento de entrada Fibras textiles
Fuente del encabezamiento o término embne
9 (RLIN) 144266
700 1# - ENTRADA AGREGADA--NOMBRE PERSONAL
Nombre de persona Lawrie, L. G.
9 (RLIN) 144269
700 0# - ENTRADA AGREGADA--NOMBRE PERSONAL
Nombre de persona Avila, Carlos.
9 (RLIN) 24043
700 1# - ENTRADA AGREGADA--NOMBRE PERSONAL
Nombre de persona Carbonell Costa, José.
9 (RLIN) 144270
830 0# - PUNTO DE ACCESO ADICIONAL DE SERIE-TÍTULO UNIFORME
Título uniforme Biblioteca de técnica textil ;
Designación de volumen o secuencia 3
9 (RLIN) 189915
852 ## - LOCALIZACIÓN
Ubicación ES-MaACL
Número de control de estantería E-13781
Encuadernación Olim P-909
Holdings
Estatus retirado Estado de pérdida Estado de daño No para préstamo Biblioteca de origen Biblioteca actual Ubicación en estantería Fecha de adquisición Fuente de adquisición Total de préstamos Signatura topográfica completa Código de barras Visto por última vez Precio de reemplazo Tipo de ítem Koha
        Biblioteca del Ateneo de Madrid Biblioteca del Ateneo de Madrid Depósito 2 13/12/2010     E-13781 1184885 23/02/2023 23/02/2023 Libro impreso